Giải tỏa, đền bù trong quy hoạch xây dựng - lý luận và thực tiễn : Báo cáo tổng kết đề tài khoa học công nghệ cấp Trường

Nội dung đề tài gồm: giải phóng mặt bằng trong qui hoạch xây dựng; các phương thức đảm bảo quyền lợi của người bị ảnh hưởng bởi dự án; các tiêu chí đề xuất bảo đảm sự thành công trong công tác giải tỏa, đền bù....

وصف كامل

محفوظ في:
التفاصيل البيبلوغرافية
المؤلف الرئيسي: Phan, Trung Hiền
التنسيق: كتاب
اللغة:Undetermined
منشور في: Cần Thơ Trường Đại học Cần Thơ 2004
الموضوعات:
الوسوم: إضافة وسم
لا توجد وسوم, كن أول من يضع وسما على هذه التسجيلة!
Thư viện lưu trữ: Trung tâm Học liệu Trường Đại học Cần Thơ
LEADER 01171nam a2200217Ia 4500
001 CTU_204636
008 210402s9999 xx 000 0 und d
082 |a 343.59707869 
082 |b H305 
100 |a Phan, Trung Hiền 
245 0 |a Giải tỏa, đền bù trong quy hoạch xây dựng - lý luận và thực tiễn : 
245 0 |b Báo cáo tổng kết đề tài khoa học công nghệ cấp Trường 
245 0 |c Phan Trung Hiền (Chủ nhiệm đề tài) 
260 |a Cần Thơ 
260 |b Trường Đại học Cần Thơ 
260 |c 2004 
520 |a Nội dung đề tài gồm: giải phóng mặt bằng trong qui hoạch xây dựng; các phương thức đảm bảo quyền lợi của người bị ảnh hưởng bởi dự án; các tiêu chí đề xuất bảo đảm sự thành công trong công tác giải tỏa, đền bù. 
650 |a Construction,Xây dựng 
650 |x Law and legislation,Luật và văn bản thi hành 
904 |i Tuyến 
980 |a Trung tâm Học liệu Trường Đại học Cần Thơ